Normal view
MARC view
Entry Personal Name
001 - CONTROL NUMBER
- control field: 7910
003 - CONTROL NUMBER IDENTIFIER
- control field: OSt
005 - DATE AND TIME OF LATEST TRANSACTION
- control field: 20160414141933.0
008 - FIXED-LENGTH DATA ELEMENTS
- fixed length control field: 160414|| aca||aabn | a|a d
040 ## - CATALOGING SOURCE
- Original cataloging agency: OSt
- Transcribing agency: OSt
100 ## - HEADING--PERSONAL NAME
- Personal name: Mcphee, Joel E.
670 ## - SOURCE DATA FOUND
- Source citation: Work cat.: (OSt): Mcphee, Joel E., Mastering Strategic Risk: a framework for leading and transforming organizations
